"La palabra que yo te diga, esa hablarás" : (Registro nro. 28696)

Detalles MARC
000 -LEADER
campo de control de longitud fija 03982cam a22006134i 4500
003 - IDENTIFICADOR DE NÚMERO DE CONTROL
campo de control PE-LiUPU
005 - FECHA Y HORA DE LA ÚLTIMA TRANSACCIÓN
campo de control 20250731173104.0
008 - DATOS DE LONGITUD FIJA--INFORMACIÓN GENERAL
campo de control de longitud fija 180702s r 000 0 spa d
020 ## - NÚMERO INTERNACIONAL ESTÁNDAR DEL LIBRO
Número Internacional Estándar del Libro 9789972604614
035 ## - NÚMERO DE CONTROL DEL SISTEMA
Número de control de sistema (Sirsi) a249104
040 ## - FUENTE DE CATALOGACIÓN
Centro catalogador/agencia de origen PE-LiUPU
Lengua de catalogación spa
Centro/agencia transcriptor PE-LiUPU
Normas de descripción rda
049 ## - FONDOS LOCALES (OCLC)
Biblioteca depositaria PRUA
082 04 - NÚMERO DE LA CLASIFICACIÓN DECIMAL DEWEY
Número de clasificación 222.1
Cutter P1
Número de edición 20
245 03 - MENCIÓN DEL TÍTULO
Título "La palabra que yo te diga, esa hablarás" :
Resto del título estudios selectos en el pentateuco /
Mención de responsabilidad, etc. Merling Alomía, editor.
250 ## - MENCION DE EDICION
Mención de edición Primera edición.
264 #1 - PRODUCCIÓN, PUBLICACIÓN, DISTRIBUCIÓN, FABRICACIÓN Y COPYRIGHT
Producción, publicación, distribución, fabricación y copyright Lima :
Nombre del de productor, editor, distribuidor, fabricante Universidad Peruana Unión, Facultad de Teología, Ediciones Theologika,
Fecha de producción, publicación, distribución, fabricación o copyright 2018.
300 ## - DESCRIPCIÓN FÍSICA
Extensión xxiv, 376 páginas ;
Dimensiones 23 centímetros.
336 ## - TIPO DE CONTENIDO
Término de tipo de contenido text
Fuente rdacontent
337 ## - TIPO DE MEDIO
Nombre/término del tipo de medio unmediated
Fuente rdamedia
338 ## - TIPO DE SOPORTE
Nombre/término del tipo de soporte volume
Fuente rdacarrier
490 0# - MENCIÓN DE SERIE
Mención de serie Serie de Investigaciones ;
Designación de volumen o secuencia IBTU 2
500 ## - NOTA GENERAL
Nota general Puedes comprar este material en la Facultad de Teología de la Universidad Peruana Unión.
505 0# - NOTA DE CONTENIDO CON FORMATO
Nota de contenido con formato "La palabra que Yo te diga, esa hablaras" -- Génesis -- ¿Estuvieron juntos Adán y Eva cuando ella fue tentada y engañada por la serpiente? entendiendo Génesis 3:6 -- Algunas interpretaciones antiguas del relato de la Aqedah: aportes de la literatura rabínica a la exégesis bíblica y algunos puntos de contacto con la lectura adventista -- José, el heredero bendecido doblemente por YHMH y por Jacob: un estudio exegético de Génesis 49:22-27 -- Éxodo -- Gracia ardiente: la misericordia de DDios en el pacto sinaítico -- Salvación, liberación y pacto en Éxodo 1-14 -- El contenido profético-escatológico del cántico de Moisés: un análisis de Éxodo 15:17-18 -- Levítico -- Los animales como alimentación humana según el pentateuco: un estudio de Levítico 11 -- Ecos temáticos y teológicos del día de expiación en el libro de Apocalipsis -- Números -- Mordeduras ardientes en el desierto: un estudio de Números 21:1-9 -- Deuteronomio -- El mandamiento del Sábado en Deuteronomio -- "Abominaciones": condenación del fundamento teológico de los antiguos sistemas rituales en Deuteronomio -- El motivo de la sangre en Deuteronomio ética y teodicea.
526 ## - NOTA DE INFORMACIÓN SOBRE EL PROGRAMA DE ESTUDIO
Nombre del programa Segunda Especialidad En Profecías Bíblicas
526 ## - NOTA DE INFORMACIÓN SOBRE EL PROGRAMA DE ESTUDIO
Nombre del programa Segunda Especialidad En Nuevo Testamento
526 ## - NOTA DE INFORMACIÓN SOBRE EL PROGRAMA DE ESTUDIO
Nombre del programa Segunda Especialidad En Antiguo Testamento
526 ## - NOTA DE INFORMACIÓN SOBRE EL PROGRAMA DE ESTUDIO
Nombre del programa Segunda Especialidad En Estudios Adventistas
526 ## - NOTA DE INFORMACIÓN SOBRE EL PROGRAMA DE ESTUDIO
Nombre del programa Doctorado en teología
526 ## - NOTA DE INFORMACIÓN SOBRE EL PROGRAMA DE ESTUDIO
Nombre del programa Maestría en teología histórica
526 ## - NOTA DE INFORMACIÓN SOBRE EL PROGRAMA DE ESTUDIO
Nombre del programa Maestría en teología bíblica
526 ## - NOTA DE INFORMACIÓN SOBRE EL PROGRAMA DE ESTUDIO
Nombre del programa Maestría en teología
526 ## - NOTA DE INFORMACIÓN SOBRE EL PROGRAMA DE ESTUDIO
Nombre del programa Maestría en misionología
526 ## - NOTA DE INFORMACIÓN SOBRE EL PROGRAMA DE ESTUDIO
Nombre del programa Maestría en liderazgo eclesiástico
526 ## - NOTA DE INFORMACIÓN SOBRE EL PROGRAMA DE ESTUDIO
Nombre del programa Teología
598 ## -
-- CATALOGING
596 ## -
-- 1 4
650 04 - PUNTO DE ACCESO ADICIONAL DE MATERIA--TÉRMINO DE MATERIA
Término de materia o nombre geográfico como elemento de entrada Biblia. A.T. Génesis -- Comentarios.
650 04 - PUNTO DE ACCESO ADICIONAL DE MATERIA--TÉRMINO DE MATERIA
Término de materia o nombre geográfico como elemento de entrada Biblia. A.T. Éxodo -- Comentarios.
650 04 - PUNTO DE ACCESO ADICIONAL DE MATERIA--TÉRMINO DE MATERIA
Término de materia o nombre geográfico como elemento de entrada Biblia. A.T. Levítico -- Comentarios.
650 04 - PUNTO DE ACCESO ADICIONAL DE MATERIA--TÉRMINO DE MATERIA
Término de materia o nombre geográfico como elemento de entrada Biblia. A.T. Números -- Comentarios.
650 04 - PUNTO DE ACCESO ADICIONAL DE MATERIA--TÉRMINO DE MATERIA
Término de materia o nombre geográfico como elemento de entrada Biblia. A.T. Deuteronomio -- Comentarios.
700 1# - ENTRADA AGREGADA--NOMBRE PERSONAL
Nombre de persona Merling, Alomía,
Término indicativo de función/relación editor.
910 ## - DATOS DE OPCIÓN DEL USUARIO (OCLC)
Datos de opción del usuario dbm
-- ncf
-- ncf
-- 20180702
942 ## - ELEMENTOS DE ENTRADA SECUNDARIOS (KOHA)
Fuente del sistema de clasificación o colocación Clasificación Decimal Dewey
Tipo de ítem Koha
994 ## -
-- C0
-- PEPRU
999 ## - NÚMEROS DE CONTROL DE SISTEMA (KOHA)
-- DEWEY
-- 78925
-- 2019-6-14
-- 2021-11-9
-- 4
-- CCODEBUL1
-- BUL
-- 6
-- 15.22
-- 4
-- 0
-- Y
-- BOOK
-- 2018-7-2
-- TEOLOGIA
-- P35
-- COMPRA
-- .STAFF. Colección Teología
999 ## - NÚMEROS DE CONTROL DE SISTEMA (KOHA)
-- DEWEY
-- 78926
-- 2019-6-13
-- 2021-11-9
-- 4
-- CCODEBUL1
-- BUL
-- 9
-- 15.22
-- 8
-- 0
-- Y
-- BOOK
-- 2018-7-2
-- TEOLOGIA
-- P35
-- COMPRA
-- .STAFF. Colección Teología
999 ## - NÚMEROS DE CONTROL DE SISTEMA (KOHA)
-- DEWEY
-- 78927
-- 2019-5-24
-- 2021-11-9
-- 4
-- CCODEBUL1
-- BUL
-- 4
-- 15.22
-- 11
-- 0
-- Y
-- BOOK
-- 2018-7-2
-- TEOLOGIA
-- P35
-- COMPRA
-- .STAFF. Colección Teología
999 ## - NÚMEROS DE CONTROL DE SISTEMA (KOHA)
-- DEWEY
-- CW00916
-- 2021-12-22
-- 2
-- CCODECWL1
-- BWL
-- 30.00
-- 0
-- Y
-- BOOK
-- 2018-11-29
-- WHITE
-- UNKNOWN
-- COMPRA
-- .STAFF. Centro White
999 ## - NÚMEROS DE CONTROL DE SISTEMA (KOHA)
-- DEWEY
-- CW00917
-- 2021-12-22
-- 2
-- CCODECWL1
-- BWL
-- 30.00
-- 0
-- Y
-- BOOK
-- 2018-11-29
-- WHITE
-- UNKNOWN
-- COMPRA
-- .STAFF. Centro White
999 ## - NÚMEROS DE CONTROL DE SISTEMA (KOHA)
-- DEWEY
-- CW00918
-- 2021-12-22
-- 2
-- CCODECWL1
-- BWL
-- 30.00
-- 0
-- Y
-- BOOK
-- 2018-11-29
-- WHITE
-- UNKNOWN
-- COMPRA
-- .STAFF. Centro White
980 ## - EQUIVALENCIA O REFERENCIA-CRUZADA-MENCIÓN DE SERIE--NOMBRE DE PERSONA/TÍTULO [LOCAL, CANADÁ]
ID del último usuario que modificó el registro 1
Nombre del último usuario que modificó el registro ALBERTO SANCHEZ Responsable de Automatización
Existencias
Visto por última vez Número de inventario Total de préstamos Signatura topográfica completa Código de barras Fecha de entrega Fecha del último préstamo Copia número Coste, precio de reemplazo Fecha de reemplazo Facultad Tipo de ítem Koha Nota pública Estado de pérdida Fuente del sistema de clasificación o colocación Restricciones de uso No para préstamo Colección Programa académico Biblioteca de origen Biblioteca actual Ubicación en estantería Fecha de adquisición Fuente de adquisición Coste, precio normal de compra
2026-05-14 5 22 222.1 P1 78925 2026-05-19 2026-05-14 e1 20.22 2018-07-02   Libros físicos inventario-2023-12-13 No Perdido Clasificación Decimal Dewey No restringido Disponible para préstamos Colección General Teología Biblioteca CRAI UPeU Lima Biblioteca CRAI UPeU Lima Sala principal 2018-07-02 COMPRA 15.22
2025-12-02 5 21 222.1 P1 78926   2025-06-01 e2 20.22 2018-07-02   Libros físicos inventario-2023-12-13 No Perdido Clasificación Decimal Dewey No restringido Disponible para préstamos Colección General Teología Biblioteca CRAI UPeU Lima Biblioteca CRAI UPeU Lima Sala principal 2018-07-02 COMPRA 15.22
2025-12-02 5 14 222.1 P1 78927   2025-06-12 e3 20.22 2018-07-02   Libros físicos inventario-2023-12-13 No Perdido Clasificación Decimal Dewey No restringido Disponible para préstamos Colección General Teología Biblioteca CRAI UPeU Lima Biblioteca CRAI UPeU Lima Sala principal 2018-07-02 COMPRA 15.22